[Event "World Blitz Women 2025"]
[Site "Doha QAT"]
[Date "2025.12.29"]
[Round "2.57"]
[White "Nandhidhaa, P V"]
[Black "Karimova, Guldona"]
[Result "1/2-1/2"]
[WhiteTitle "WGM"]
[BlackTitle "WIM"]
[WhiteElo "2257"]
[BlackElo "2288"]
[WhiteFideId "5050847"]
[BlackFideId "14210410"]
[EventDate "2025.12.29"]

1. Nf3 Nf6 2. g3 b5 3. e3 a6 4. Bg2 Bb7 5. a4 e6 6. O-O c5 7. d4 b4 8. Nbd2 Be7
9. Qe2 O-O 10. Rd1 Qc7 11. dxc5 Bxc5 12. Nb3 Be7 13. a5 Bd5 14. Nfd4 Bxg2 15.
Kxg2 Nc6 16. Nxc6 Qxc6+ 17. Qf3 Qxc2 18. Nd4 Qe4 19. Bd2 Rfc8 20. Rac1 Qxf3+ 21.
Kxf3 g6 22. e4 e5 23. Nb3 d5 24. exd5 Nxd5 25. Bh6 Nf6 26. Bg5 Kf8 27. Bxf6 Bxf6
28. Nc5 Kg7 29. Ne4 Be7 30. Rxc8 Rxc8 31. Rd7 Kf8 32. Ra7 Rc6 33. h4 h6 34. g4
Bxh4 35. Ke3 Be7 36. Kd3 f5 37. gxf5 gxf5 38. Ng3 e4+ 39. Kd2 Rf6 40. b3 Kf7 41.
Nh5 Rd6+ 42. Ke2 Ke6 43. Nf4+ Kf7 44. Nh5 Rc6 45. Ng3 Kf6 46. Nxf5 Kxf5 47. Rxe7
Rc2+ 48. Ke1 h5 49. Ra7 Rc6 50. Rb7 h4 51. Kf1 h3 52. Kg1 Rg6+ 53. Kh2 Rg2+ 54.
Kxh3 Rxf2 55. Rxb4 Ra2 56. Kg3 Rxa5 57. Kf2 Rb5 58. Ra4 a5 59. Ke2 Ke5 60. Ra1
Kd4 61. Ra4+ Kc3 62. Rxe4 Kxb3 63. Kd2 Rc5 64. Re8 a4 65. Rb8+ Ka2 66. Kd1 Rc3
67. Kd2 Rb3 68. Rc8 a3 69. Kc1 Rb1+ 70. Kc2 Rb2+ 71. Kc1 Ka1 72. Rc6 Rb1+ 73.
Kc2 Rh1 74. Ra6 Rh2+ 75. Kc1 Rh3 76. Rc6 Rb3 77. Kc2 Rb4 78. Kc1 a2 79. Kc2 Rh4
80. Rb6 Rh2+ 81. Kc1 Rh1+ 82. Kc2 Rh5 83. Rc6 Rb5 84. Rc8 Rb1 85. Rc7 Rg1 86.
Rc8 Rg3 87. Rc7 Rg2+ 88. Kc1 Rh2 89. Rc8 Rb2 90. Rc7 Rb5 91. Rc8 Rb7 92. Rc6 Rb2
93. Rc8 Rh2 94. Rc7 Rh1+ 95. Kc2 Rh2+ 96. Kc1 Rg2 97. Rc8 Rg4 98. Rc7 Rf4 99.
Rc8 Rb4 100. Rc7 Rb3 101. Rc8 Rb5 102. Rc6 Rb1+ 103. Kc2 Rf1 104. Rc8 Rf2+ 105.
Kc1 Rf3 106. Rc7 1/2-1/2

[Event "World Blitz Women 2025"]
[Site "Doha QAT"]
[Date "2025.12.29"]
[Round "2.58"]
[White "Mamedjarova, Zeinab"]
[Black "Lesbekova, Assel"]
[Result "1-0"]
[WhiteTitle "WGM"]
[BlackTitle "WCM"]
[WhiteElo "2155"]
[BlackElo "1948"]
[WhiteFideId "13401521"]
[BlackFideId "13713248"]
[EventDate "2025.12.29"]

1. d4 d5 2. Nf3 e6 3. Bf4 Nf6 4. e3 Bd6 5. Bg3 Ne4 6. Nbd2 Nd7 7. Nxe4 dxe4 8.
Nd2 Nf6 9. Bh4 Be7 10. Bxf6 gxf6 11. Nxe4 f5 12. Nd2 Bd7 13. Be2 c5 14. c3 Qc7
15. Bf3 O-O-O 16. Qe2 f6 17. O-O-O Ba4 18. Rde1 e5 19. dxc5 e4 20. Bh5 Rd3 21.
Nb3 Rhd8 22. g4 Bb5 23. Qc2 a5 24. gxf5 Bxc5 25. Be2 Bb6 26. Nd4 Ba6 27. Ne6 Qc4
28. Nxd8 Qxa2 29. Ne6 Bc4 30. Nd4 Qa1+ 31. Qb1 Qa4 32. Bxd3 Bxd3 33. b3 Qa3+ 34.
Qb2 Qd6 35. Rhg1 Kb8 36. f3 Ka7 37. fxe4 Qe5 38. Rg7 Bxe4 39. Rd1 Qd5 40. c4 Qc5
41. Nb5+ Ka6 42. Rg8 Ba7 43. Nxa7 Qxe3+ 44. Rd2 Qe1+ 45. Rd1 Qe3+ 46. Qd2 Qxa7
47. Qd6+ Bc6 48. Rc8 Qe3+ 49. Kc2 Qe4+ 50. Kb2 Qe2+ 51. Rd2 Qe4 52. Rxc6+ bxc6
53. Qd3 Qe5+ 54. Ka2 Qe1 55. c5+ 1-0

[Event "World Blitz Women 2025"]
[Site "Doha QAT"]
[Date "2025.12.29"]
[Round "2.59"]
[White "Rouda Essa, Alserkal"]
[Black "Kurmangaliyeva, Liya"]
[Result "0-1"]
[WhiteTitle "WGM"]
[BlackTitle "FM"]
[WhiteElo "2052"]
[BlackElo "2339"]
[WhiteFideId "9314318"]
[BlackFideId "13725831"]
[EventDate "2025.12.29"]

1. e4 d6 2. d4 g6 3. Nc3 Bg7 4. f4 Nf6 5. Nf3 O-O 6. Be2 a6 7. a4 b6 8. O-O Bb7
9. e5 dxe5 10. fxe5 Nd5 11. Na2 e6 12. c4 Ne7 13. Bg5 Qd7 14. Qd2 Nbc6 15. Bf6
Rad8 16. Rad1 h6 17. Nc3 Nb4 18. h3 Kh7 19. Qf4 Rde8 20. Nh2 Ng8 21. Ne4 Bxe4
22. Qxe4 Qc6 23. Qh4 Bxf6 24. exf6 e5 25. d5 Qc5+ 26. Kh1 e4 27. Ng4 Nc2 28. Qg3
Qd6 29. Qc3 Nb4 30. h4 h5 31. Nf2 Nxf6 32. Nh3 Nd7 33. Ng5+ Kg8 34. Qd2 a5 35.
Qd4 Qe5 36. Qd2 Nc5 0-1

[Event "World Blitz Women 2025"]
[Site "Doha QAT"]
[Date "2025.12.29"]
[Round "2.60"]
[White "Wafa, Shahenda"]
[Black "Gong, Qianyun"]
[Result "0-1"]
[WhiteTitle "WGM"]
[BlackTitle "WGM"]
[WhiteElo "2074"]
[BlackElo "2228"]
[WhiteFideId "10609962"]
[BlackFideId "8602425"]
[EventDate "2025.12.29"]

1. e4 e5 2. Nf3 Nc6 3. Bb5 a6 4. Ba4 d6 5. O-O Bd7 6. c3 g6 7. d4 Bg7 8. Bg5 Nf6
9. d5 Ne7 10. Bxd7+ Qxd7 11. Nbd2 h6 12. Bh4 g5 13. Bg3 O-O 14. Re1 Ng6 15. Nf1
Rae8 16. h3 Nf4 17. Qc2 N6h5 18. Bh2 f5 19. exf5 Rxf5 20. Ne3 Nxh3+ 21. Kf1 Rff8
22. Qe4 Nxf2 23. Kxf2 Nf6 24. Qg6 e4 25. Kg1 exf3 26. gxf3 Qf7 27. Qxf7+ Kxf7
28. Nf5 Nxd5 29. Nxg7 Kxg7 30. Rxe8 Rxe8 31. Kf2 Kf6 32. Rd1 Nb6 33. b3 Nd7 34.
a4 Nc5 35. Rb1 Nd3+ 36. Kg3 Re2 37. Bg1 h5 38. Bd4+ Kf5 39. Rd1 h4+ 40. Kh3 Nf4# 0-1

[Event "World Blitz Women 2025"]
[Site "Doha QAT"]
[Date "2025.12.29"]
[Round "2.61"]
[White "Rudzinska, Michalina"]
[Black "Mikheeva, Galina"]
[Result "1-0"]
[WhiteTitle "WGM"]
[BlackTitle "FM"]
[WhiteElo "2206"]
[BlackElo "2122"]
[WhiteFideId "1172883"]
[BlackFideId "44108320"]
[EventDate "2025.12.29"]

1. e4 e5 2. Nf3 Nc6 3. d4 exd4 4. Nxd4 Nf6 5. Nxc6 bxc6 6. Nd2 d5 7. exd5 cxd5
8. Bb5+ Bd7 9. Bxd7+ Qxd7 10. O-O Be7 11. b3 O-O 12. Bb2 c5 13. Qf3 Rfe8 14.
Rad1 Rad8 15. h3 d4 16. Nc4 Qd5 17. Qf4 Bd6 18. Nxd6 Rxd6 19. Rfe1 Rde6 20. Rxe6
Qxe6 21. Qd2 Qe2 22. Ba3 Qxd2 23. Rxd2 Re1+ 24. Kh2 Ne4 25. Rd3 Nxf2 26. Rf3
Rh1+ 27. Kg3 Ne4+ 28. Kf4 Re1 29. h4 f6 30. b4 c4 31. b5 Re2 32. Bb4 c3 33. Rd3
Nf2 34. Rxd4 Rxc2 35. Kf5 g6+ 36. Kxf6 h5 37. Kxg6 Ng4 38. Rd8# 1-0

[Event "World Blitz Women 2025"]
[Site "Doha QAT"]
[Date "2025.12.29"]
[Round "2.62"]
[White "Beydullayeva, Govhar"]
[Black "Skaslien, Ingrid"]
[Result "1-0"]
[WhiteTitle "WGM"]
[WhiteElo "2364"]
[BlackElo "2029"]
[WhiteFideId "13413015"]
[BlackFideId "1520660"]
[EventDate "2025.12.29"]

1. d4 Nf6 2. c4 e6 3. Bf4 d5 4. cxd5 exd5 5. e3 c6 6. Bd3 Bd6 7. Bxd6 Qxd6 8.
Nc3 Bg4 9. Qb3 Bc8 10. h3 Nbd7 11. Nf3 O-O 12. Qc2 Re8 13. O-O Nf8 14. a3 Ng6
15. b4 a6 16. Rab1 Bd7 17. a4 Rac8 18. Rfd1 b6 19. Bxa6 Rc7 20. Bd3 Qe7 21. a5
bxa5 22. bxa5 Ne4 23. Nxd5 cxd5 24. Qxc7 Rc8 25. Rb8 Qe8 26. Rxc8 Bxc8 27. a6
Bxa6 28. Bxa6 Qa4 29. Qc8+ Nf8 30. Be2 Qa2 31. Kf1 Qb2 32. Qc1 Qb3 33. Qb1 Qa3
34. Qc2 Nc3 35. Rc1 Ne4 36. Nd2 h6 37. Nxe4 dxe4 38. Qc3 Qd6 39. Kg1 Qd7 40. Bc4
Qa4 41. Qb3 Qa5 42. Bxf7+ Kh8 43. Bc4 Qd2 44. Qd1 Qb2 45. Bd5 Ng6 46. Bxe4 Ne7
47. Qc2 Qb6 48. Qc8+ Ng8 49. Qf5 g6 50. Qxg6 Qa7 51. Qf5 Qe7 52. Qe5+ 1-0

[Event "World Blitz Women 2025"]
[Site "Doha QAT"]
[Date "2025.12.29"]
[Round "2.63"]
[White "Zvereva, Marija"]
[Black "Yakubbaeva, Nilufar"]
[Result "0-1"]
[WhiteTitle "WIM"]
[BlackTitle "WGM"]
[WhiteElo "2007"]
[BlackElo "2229"]
[WhiteFideId "4121082"]
[BlackFideId "14204487"]
[EventDate "2025.12.29"]

1. f4 d5 2. Nf3 c5 3. g3 Nc6 4. Bg2 g6 5. O-O Bg7 6. d3 Nf6 7. Nc3 O-O 8. e4 d4
9. Ne2 e5 10. h3 h6 11. fxe5 Nd7 12. Nf4 Ndxe5 13. Nd5 Be6 14. Bf4 Kh7 15. g4 f5
16. g5 fxe4 17. dxe4 Bxd5 18. exd5 Rxf4 19. dxc6 Nxc6 20. gxh6 Bxh6 21. Qd3 Qd6
22. Nh2 Raf8 23. Rxf4 Bxf4 24. Ng4 Ne5 25. Qe2 Nxg4 26. Qxg4 Be3+ 27. Kh1 Rf2
28. Rf1 Qf6 29. Rxf2 Qxf2 30. Qd1 Bf4 31. Qf1 Qg3 32. Qg1 c4 33. Bf1 Qf3+ 34.
Qg2 Qe3 35. Bxc4 Qc1+ 36. Qf1 Qxc2 37. Qxf4 Qxc4 38. Qh4+ Kg7 39. Qe7+ Kg8 40.
Qxb7 Qc1+ 41. Kg2 Qc2+ 42. Kf3 d3 43. Qd5+ Kg7 44. Ke3 Qe2+ 45. Kf4 d2 46. Qd4+
Kf7 47. Qd5+ Ke7 48. Qc5+ Kd7 49. Qxa7+ Kd6 50. Qd4+ Kc6 51. Qc3+ Kd5 52. Qb3+
Kc5 53. Qc3+ Qc4+ 0-1

[Event "World Blitz Women 2025"]
[Site "Doha QAT"]
[Date "2025.12.29"]
[Round "2.64"]
[White "Khalilova, Madinabonu"]
[Black "Abrar Mohammed Ahmad Almalki"]
[Result "1-0"]
[WhiteTitle "WCM"]
[WhiteElo "2241"]
[BlackElo "1826"]
[WhiteFideId "14223422"]
[BlackFideId "21543143"]
[EventDate "2025.12.29"]

1. d4 Nf6 2. c4 e6 3. Nf3 b6 4. g3 Bb4+ 5. Bd2 Be7 6. Bg2 c6 7. O-O Ba6 8. Qc2
d5 9. Ne5 Nfd7 10. Nxd7 Nxd7 11. b3 Bb7 12. Nc3 O-O 13. Rfd1 Rc8 14. e4 Nf6 15.
e5 Ne8 16. Be3 f5 17. exf6 Bxf6 18. Rac1 Nd6 19. Ne2 Nf5 20. Bf4 Nxd4 21. Nxd4
Bxd4 22. Rxd4 Qf6 23. Rdd1 e5 24. Bd2 Qxf2+ 25. Kh1 dxc4 26. Qxc4+ Kh8 27. Bc3
Rce8 28. Rd2 Qf7 29. Qxf7 Rxf7 30. Re1 Rfe7 31. Rxe5 Rxe5 32. Bxe5 h6 33. Re2
Kg8 34. Bf3 g6 35. Bf4 Rd8 36. Re7 1-0

[Event "World Blitz Women 2025"]
[Site "Doha QAT"]
[Date "2025.12.29"]
[Round "2.65"]
[White "Jarocka, Liwia"]
[Black "Echcharbiny, Wissal"]
[Result "1-0"]
[WhiteTitle "FM"]
[WhiteElo "2258"]
[BlackElo "1726"]
[WhiteFideId "21807558"]
[BlackFideId "9014853"]
[EventDate "2025.12.29"]

1. e4 c6 2. d4 d5 3. e5 Bf5 4. h4 h5 5. c4 e6 6. Nc3 Ne7 7. Nge2 Nd7 8. Ng3 Bg6
9. Bg5 Qb6 10. Qd2 Nf5 11. Nxf5 Bxf5 12. cxd5 exd5 13. Be2 Bb4 14. O-O Nf8 15.
a3 Bxc3 16. bxc3 Ne6 17. Be3 Qc7 18. Bd3 Bxd3 19. Qxd3 O-O 20. f4 g6 21. f5 Ng7
22. fxg6 fxg6 23. Qxg6 Qe7 24. Bh6 Rf7 25. Rf6 Raf8 1-0

[Event "World Blitz Women 2025"]
[Site "Doha QAT"]
[Date "2025.12.29"]
[Round "2.66"]
[White "Khalil, Manar"]
[Black "Fataliyeva, Ulviyya"]
[Result "0-1"]
[WhiteTitle "WFM"]
[BlackTitle "IM"]
[WhiteElo "1925"]
[BlackElo "2434"]
[WhiteFideId "7604661"]
[BlackFideId "13403052"]
[EventDate "2025.12.29"]

1. e4 c5 2. Nf3 e6 3. d4 cxd4 4. Nxd4 Nf6 5. Nc3 Nc6 6. Be2 Bb4 7. Nxc6 bxc6 8.
Qd3 O-O 9. O-O d5 10. e5 Nd7 11. f4 a5 12. Qg3 f5 13. exf6 Nxf6 14. Bd3 Ba6 15.
Kh1 d4 16. Ne2 Be7 17. Bd2 c5 18. Bxa6 Rxa6 19. Qd3 Rc6 20. Qc4 Kh8 21. Ng3 Nd5
22. f5 e5 23. Ne4 Nb6 24. Qb5 Qd5 25. Rae1 Nc4 26. Bc1 Rb6 27. Qa4 Nxb2 28. Bxb2
Rxb2 29. Qxa5 Rxa2 30. Qc7 Bf6 31. Qxc5 Qxc5 32. Nxc5 Rxc2 33. Nd7 Re8 34. h3 e4
35. Rc1 Rxc1 36. Rxc1 d3 37. Kg1 d2 38. Rd1 e3 39. Nxf6 gxf6 40. Rb1 e2 0-1

[Event "World Blitz Women 2025"]
[Site "Doha QAT"]
[Date "2025.12.29"]
[Round "2.67"]
[White "Kairbekova, Amina"]
[Black "Al-Khulaifi, Ghada"]
[Result "1-0"]
[WhiteTitle "WGM"]
[BlackTitle "WCM"]
[WhiteElo "2353"]
[BlackElo "1630"]
[WhiteFideId "13712799"]
[BlackFideId "12100633"]
[EventDate "2025.12.29"]

1. e4 c6 2. d4 d5 3. e5 c5 4. Nf3 Nc6 5. dxc5 Bg4 6. c3 e6 7. Be3 Nxe5 8. Qa4+
Nc6 9. Qxg4 Nf6 10. Qa4 Be7 11. Ne5 Qc7 12. Nxc6 bxc6 13. Nd2 O-O 14. Be2 Rfb8
15. Rb1 e5 16. Nf3 e4 17. Nd4 Bxc5 18. Qxc6 Bd6 19. Qxc7 Bxc7 20. O-O a5 21. Nc6
Rd8 22. Nxd8 Bxd8 23. Rfd1 h6 24. c4 Bc7 25. cxd5 Rd8 26. d6 Rxd6 27. Rxd6 Bxd6
28. Rd1 Be5 29. Bd4 Bc7 30. Bxf6 gxf6 31. Rd7 Be5 32. b3 Kg7 33. Ra7 f5 34. Rxa5
f6 35. Rd5 Kg6 36. a4 f4 37. a5 Kg5 38. a6 1-0

[Event "World Blitz Women 2025"]
[Site "Doha QAT"]
[Date "2025.12.29"]
[Round "2.68"]
[White "Alsemairi, Dalia"]
[Black "Vo, Thi Kim Phung"]
[Result "0-1"]
[WhiteTitle "WCM"]
[BlackTitle "WGM"]
[WhiteElo "1802"]
[BlackElo "2322"]
[WhiteFideId "21511217"]
[BlackFideId "12401838"]
[EventDate "2025.12.29"]

1. e4 e6 2. d4 d5 3. e5 c5 4. c3 Nc6 5. Nf3 Bd7 6. a3 c4 7. Be2 Na5 8. Nbd2 Qc7
9. O-O Ne7 10. Re1 h6 11. h4 Nc8 12. Rb1 Nb6 13. Nf1 O-O-O 14. Be3 Ba4 15. Qd2
Nb3 16. Qc2 Nxd4 17. Qd2 Nxe2+ 18. Qxe2 Bc5 19. N1d2 Bc2 20. Rbc1 Bd3 21. Qd1
Kb8 22. Nd4 a6 23. N2f3 Nd7 24. b3 Ka8 25. bxc4 dxc4 26. Ra1 Qa5 27. a4 Nb6 28.
Nb5 Bxe3 29. Rxe3 Nd5 30. Rxd3 cxd3 31. Qxd3 axb5 32. Qe4 Nxc3 33. Qe3 bxa4 34.
Ra3 Rc8 35. Nd4 Rhd8 36. Nb3 Qb4 0-1

[Event "World Blitz Women 2025"]
[Site "Doha QAT"]
[Date "2025.12.29"]
[Round "2.69"]
[White "Lau, Chloe Hailey"]
[Black "Preobrazhenskaya, Diana"]
[Result "0-1"]
[BlackTitle "WFM"]
[WhiteElo "1562"]
[BlackElo "2131"]
[WhiteFideId "6012469"]
[BlackFideId "34270566"]
[EventDate "2025.12.29"]

1. e4 c5 2. Nf3 d6 3. c3 Nf6 4. Be2 Bd7 5. e5 dxe5 6. Nxe5 Nc6 7. Nxd7 Qxd7 8.
d3 e6 9. Bg5 Nd5 10. Nd2 h6 11. Bh4 Nf4 12. O-O Nxd3 13. Nc4 Nf4 14. Qxd7+ Kxd7
15. Rad1+ Kc7 16. Bg3 g5 17. Bf3 f6 18. Rfe1 e5 19. Bg4 Rh7 20. a3 h5 21. Bf5
Rg7 22. b4 b5 23. Ne3 Kb7 24. Bxf4 gxf4 25. Nd5 f3 26. g3 Rg5 27. Be4 f5 28.
Bxf3 e4 29. Be2 c4 30. Nf4 h4 31. Ne6 Rg6 32. Nf4 Rg7 33. Rd5 a6 34. Rxf5 Bd6
35. Nd5 Ne5 36. Nf6 h3 37. Nxe4 Bc7 38. Nc5+ Kb6 39. Ne6 Re7 40. Nxc7 Kxc7 41.
Kf1 Rae8 42. Bh5 Nd3 43. Rxe7+ Rxe7 44. Bf3 Nc1 45. Rc5+ 0-1

[Event "World Blitz Women 2025"]
[Site "Doha QAT"]
[Date "2025.12.29"]
[Round "2.70"]
[White "Jimenez Fernandez, Rebeca"]
[Black "Alotaibi, Maitha Abdulrahman A"]
[Result "1-0"]
[WhiteTitle "WFM"]
[WhiteElo "2137"]
[BlackElo "1600"]
[WhiteFideId "32070934"]
[BlackFideId "21524009"]
[EventDate "2025.12.29"]

1. e4 c5 2. Nc3 Nc6 3. g3 e5 4. Bg2 Nf6 5. d3 d6 6. h3 Be6 7. Be3 Be7 8. f4 a6
9. f5 Bd7 10. Nf3 Nd4 11. O-O O-O 12. g4 Bc6 13. Qd2 Ne8 14. g5 g6 15. f6 Bxf6
16. gxf6 Nxf6 17. Bg5 Re8 18. Nxd4 exd4 19. Nd5 Bxd5 20. exd5 Rc8 21. Bxf6 Qd7
22. Qh6 Qf5 23. Qg7# 1-0

[Event "World Blitz Women 2025"]
[Site "Doha QAT"]
[Date "2025.12.29"]
[Round "3.1"]
[White "Tan, Zhongyi"]
[Black "Buksa, Nataliya"]
[Result "0-1"]
[WhiteTitle "GM"]
[BlackTitle "IM"]
[WhiteElo "2524"]
[BlackElo "2397"]
[WhiteFideId "8603642"]
[BlackFideId "14123622"]
[EventDate "2025.12.29"]

1. d4 d5 2. c4 e6 3. Nc3 Nf6 4. cxd5 exd5 5. Bg5 Be7 6. e3 c6 7. Bd3 Nbd7 8. h3
O-O 9. Nf3 Ne4 10. Bf4 Ndf6 11. Qc2 Nd6 12. O-O g6 13. b4 a6 14. a4 Bf5 15. Bxf5
Nxf5 16. b5 axb5 17. axb5 Rxa1 18. Rxa1 Bd6 19. Ne5 c5 20. dxc5 Bxc5 21. Rd1 d4
22. Ne2 Qb6 23. g4 Nd6 24. exd4 Bb4 25. Nc4 Nxc4 26. Qxc4 Bd6 27. Bxd6 Qxd6 28.
Ng3 Re8 29. Qc5 Qd7 30. b6 Nd5 31. Rc1 Nf4 32. Kh2 Nd3 33. Qc7 Qd5 34. Rc2 Ne1
35. f4 Nf3+ 36. Kg2 Nxd4+ 37. Kf2 Qf3+ 38. Kg1 Qxg3+ 39. Kf1 Re1# 0-1

[Event "World Blitz Women 2025"]
[Site "Doha QAT"]
[Date "2025.12.29"]
[Round "3.2"]
[White "Francisco Guecamburu, Candela Be"]
[Black "Lagno, Kateryna"]
[Result "0-1"]
[WhiteTitle "WGM"]
[BlackTitle "GM"]
[WhiteElo "2238"]
[BlackElo "2508"]
[WhiteFideId "160911"]
[BlackFideId "14109336"]
[EventDate "2025.12.29"]

1. e4 e5 2. Nf3 Nc6 3. Bc4 Nf6 4. d4 exd4 5. e5 Ne4 6. Qe2 Nc5 7. O-O Be7 8. Rd1
Ne6 9. c3 d5 10. exd6 cxd6 11. cxd4 d5 12. Bb5 O-O 13. Nc3 Bf6 14. Be3 Re8 15.
Qd2 Qd6 16. Na4 a6 17. Bxc6 Qxc6 18. b3 Qd6 19. Rac1 b6 20. Ne5 Bb7 21. f4 g6
22. Rc2 h5 23. f5 gxf5 24. Qf2 Bxe5 25. dxe5 Qxe5 26. Nxb6 Rad8 27. Bd4 Nxd4 28.
Qxd4 Qxd4+ 29. Rxd4 Rd6 30. Na4 Rc8 31. Rcd2 Kg7 32. Kf2 Kf6 33. g3 Rc1 34. Nb2
Bc6 35. Nd3 Rh1 36. Kg2 Rb1 37. Nf4 Ke5 38. Nxh5 Rb2 39. Nf4 Rxd2+ 40. Rxd2 d4+
41. Kf2 Be4 42. Nd3+ Kf6 43. Nc5 Ke5 44. Nd3+ Kd5 45. Nf4+ Kc5 46. a3 a5 47. Rd1
Rb6 48. Rc1+ Kd6 49. Rc4 Ke5 50. Rc5+ Kf6 51. Nd5+ Bxd5 52. Rxd5 Rxb3 53. Rxa5
Rb2+ 54. Kf3 Rxh2 55. Rd5 Rd2 56. a4 Kg5 57. a5 Rd3+ 58. Kf2 Kg4 59. a6 Rd2+ 60.
Ke1 Ra2 61. Rxd4+ Kxg3 62. Rd3+ Kg4 63. Rd7 Kf3 64. Rd3+ Ke4 65. Rd6 f4 66. Rf6
Ke3 67. Kf1 Kf3 68. Ke1 Ra1+ 69. Kd2 Kg3 70. Rxf7 Rxa6 71. Ke2 Ra2+ 72. Kf1 Ra1+
73. Ke2 Ra2+ 74. Kf1 Kf3 75. Ke1 Ra1+ 76. Kd2 Rf1 77. Rg7 Kf2 78. Kd3 f3 79. Rf7
Ra1 80. Kd2 Ra2+ 81. Kd3 Kg2 82. Ke3 Re2+ 83. Kd3 Re5 84. Rg7+ Kf1 85. Kd4 Re8
86. Kd3 f2 87. Kd2 Rd8+ 88. Kc2 Rd5 89. Rg8 Ke2 90. Re8+ Kf3 91. Rf8+ Ke3 92.
Re8+ Kf4 0-1

[Event "World Blitz Women 2025"]
[Site "Doha QAT"]
[Date "2025.12.29"]
[Round "3.3"]
[White "Omonova, Umida"]
[Black "Koneru, Humpy"]
[Result "1-0"]
[WhiteTitle "WIM"]
[BlackTitle "GM"]
[WhiteElo "2294"]
[BlackElo "2535"]
[WhiteFideId "14210363"]
[BlackFideId "5008123"]
[EventDate "2025.12.29"]

1. e4 e5 2. Nf3 Nc6 3. Bc4 Bc5 4. O-O Nf6 5. d3 h6 6. c3 d6 7. Nbd2 a5 8. Re1
O-O 9. Nf1 Be6 10. Bb5 Bb6 11. h3 Ne7 12. Ng3 c6 13. Ba4 Re8 14. Bc2 Ng6 15. d4
Qc7 16. Be3 Rad8 17. Qd2 Kh7 18. Rad1 Qc8 19. a3 Bc7 20. Qc1 b5 21. Nf5 Ng8 22.
dxe5 dxe5 23. h4 Nf4 24. Bxf4 exf4 25. Nd6 Bxd6 26. e5+ Bf5 27. exd6 Rxe1+ 28.
Rxe1 Rxd6 29. Qxf4 Rf6 30. Bxf5+ Qxf5 31. Qxf5+ Rxf5 32. Nd4 Rc5 33. Re8 Nf6 34.
Rc8 b4 35. axb4 axb4 36. Rxc6 Rxc6 37. Nxc6 bxc3 38. bxc3 Ne4 39. c4 Kg6 40. f3
Nd6 41. c5 Nb7 42. Ne5+ Kf6 43. c6 Nd6 44. Nd3 Ke7 45. Kf2 Kd8 46. Nb4 Kc7 47.
h5 Nb5 48. Ke3 Na7 49. Nd5+ Kxc6 50. Ne7+ Kd7 51. Nf5 g6 52. Nxh6 Ke6 53. hxg6
fxg6 54. Kf4 Kf6 55. Ng4+ Kg7 56. Kg5 Nc6 57. f4 Nd4 58. Ne5 Ne6+ 59. Kg4 Kf6
60. Nxg6 Kxg6 61. f5+ Kf6 62. fxe6 Kxe6 63. Kh5 Kf5 64. g4+ Kf6 65. Kh6 Kf7 66.
g5 Kf8 67. Kh7 1-0

[Event "World Blitz Women 2025"]
[Site "Doha QAT"]
[Date "2025.12.29"]
[Round "3.4"]
[White "Zhu, Jiner"]
[Black "Nurgaliyeva, Zarina"]
[Result "0-1"]
[WhiteTitle "GM"]
[BlackTitle "WIM"]
[WhiteElo "2579"]
[BlackElo "2305"]
[WhiteFideId "8608059"]
[BlackFideId "13730096"]
[EventDate "2025.12.29"]

1. d4 Nf6 2. c4 e6 3. Nf3 Bb4+ 4. Nbd2 O-O 5. a3 Be7 6. e4 d6 7. Bd3 e5 8. O-O
a5 9. b3 Nbd7 10. Bb2 Re8 11. Re1 Bf8 12. Bf1 g6 13. b4 Bg7 14. d5 c6 15. dxc6
bxc6 16. Nb3 axb4 17. axb4 Rxa1 18. Bxa1 Qb6 19. b5 cxb5 20. cxb5 Bb7 21. Nbd2
Nc5 22. Nc4 Qa7 23. b6 Qa8 24. Nxd6 Rd8 25. Bxe5 Nfxe4 26. Bxg7 Kxg7 27. Qd4+
Kg8 28. Nxe4 Rxd4 29. Nf6+ Kg7 30. Ne8+ Kf8 31. Nxd4 Nd7 32. Nc7 Qa5 33. Re8+
Kg7 34. Re7 Qa4 35. Nce6+ Kf6 36. Re8 Ke5 0-1

[Event "World Blitz Women 2025"]
[Site "Doha QAT"]
[Date "2025.12.29"]
[Round "3.5"]
[White "Khamdamova, Afruza"]
[Black "Shuvalova, Polina"]
[Result "1/2-1/2"]
[WhiteTitle "WGM"]
[BlackTitle "IM"]
[WhiteElo "2403"]
[BlackElo "2502"]
[WhiteFideId "14210444"]
[BlackFideId "24171760"]
[EventDate "2025.12.29"]

1. e4 c6 2. Nc3 d5 3. d4 dxe4 4. Nxe4 Nf6 5. Qd3 Nxe4 6. Qxe4 Nd7 7. Nf3 Nf6 8.
Qd3 Qd5 9. c4 Qe4+ 10. Be3 Bf5 11. Qxe4 Bxe4 12. Be2 e6 13. O-O Be7 14. Ne5 h5
15. a3 Rd8 16. b4 Nd7 17. Nf3 Bf6 18. Rac1 h4 19. h3 Nb6 20. Rfd1 O-O 21. Ne5
Nd7 22. f4 Be7 23. Bf2 g5 24. Be3 gxf4 25. Bxf4 Nxe5 26. dxe5 Kh7 27. Kf2 Kg6
28. Ke3 Bf5 29. Bf3 a5 30. c5 axb4 31. axb4 f6 32. Rxd8 Rxd8 33. Rd1 fxe5 34.
Bxe5 Bg5+ 35. Ke2 Rxd1 36. Kxd1 Bd3 37. g4 Bf1 38. Ke1 Bc4 39. Be4+ Kf7 40. Bc3
Bf4 41. Kf2 Bg3+ 42. Kg2 e5 43. Bd2 Bd5 44. Kf3 Be6 45. b5 Bd5 46. bxc6 bxc6 47.
Be3 Ke6 48. Bg1 Kf6 49. Be3 Ke6 1/2-1/2

[Event "World Blitz Women 2025"]
[Site "Doha QAT"]
[Date "2025.12.29"]
[Round "3.6"]
[White "Divya, Deshmukh"]
[Black "Shukhman, Anna"]
[Result "1/2-1/2"]
[WhiteTitle "GM"]
[BlackTitle "WGM"]
[WhiteElo "2497"]
[BlackElo "2431"]
[WhiteFideId "35006916"]
[BlackFideId "54180058"]
[EventDate "2025.12.29"]

1. e4 c5 2. Nc3 d6 3. Bb5+ Bd7 4. Bxd7+ Qxd7 5. Nge2 Nc6 6. d4 cxd4 7. Nxd4 g6
8. Be3 Bg7 9. O-O Nf6 10. f3 O-O 11. Qd2 Rac8 12. Nxc6 Qxc6 13. Rad1 b5 14. a3
a5 15. Rf2 b4 16. axb4 axb4 17. Na2 b3 18. cxb3 Rb8 19. Nc1 Nd7 20. Bd4 Bxd4 21.
Qxd4 Rfc8 22. h4 Nc5 23. b4 Ne6 24. Qd2 Qb5 25. Nd3 Nd4 26. Nf4 Nc6 27. Nd5 Rb7
28. Rc1 Rcb8 29. h5 Nxb4 30. h6 Nxd5 31. exd5 Qb4 32. Qe3 Qh4 33. Rfc2 Rf8 34.
Rc8 Rb8 35. R8c7 Rxb2 36. R7c2 Rxc2 37. Rxc2 Qf6 38. Rc7 Ra8 39. Rc1 Qe5 40.
Qxe5 dxe5 41. Rc7 Kf8 42. Kf2 Rd8 43. Rc5 Ke8 44. Ke3 Kd7 45. Ke4 f6 46. Ra5 Rc8
47. Ra7+ Rc7 48. Ra8 Rc4+ 49. Ke3 Rh4 50. Ra7+ Kd6 51. g4 Rxh6 52. Ke4 f5+ 53.
gxf5 Rh4+ 54. Ke3 gxf5 55. Ra5 Rd4 56. Ra6+ Kxd5 57. Rh6 Ra4 58. Rxh7 Ra3+ 59.
Ke2 e6 60. Rd7+ Kc5 61. Re7 Kd6 62. Re8 Ra7 63. Rd8+ Rd7 64. Ra8 Ke7 65. Ke3 Rb7
66. Ra6 Rb3+ 67. Ke2 Kf6 68. Ra5 f4 69. Ra8 e4 70. fxe4 Re3+ 71. Kf2 Rxe4 72.
Kf3 Rb4 73. Ra5 e5 74. Kg4 Rb6 75. Ra8 Ke6 76. Re8+ Kd6 77. Kf5 Rb5 78. Re6+ Kd7
79. Ra6 f3 80. Ke4 f2 81. Rf6 Ke7 82. Rxf2 Ke6 83. Ra2 Rb4+ 84. Ke3 Kf5 85. Rf2+
Ke6 86. Ra2 Kf5 1/2-1/2